<?xml version="1.0" encoding="UTF-8"?><?xml-stylesheet type="text/xsl" href="static/style.xsl"?><OAI-PMH xmlns="http://www.openarchives.org/OAI/2.0/" xmlns:xsi="http://www.w3.org/2001/XMLSchema-instance" xsi:schemaLocation="http://www.openarchives.org/OAI/2.0/ http://www.openarchives.org/OAI/2.0/OAI-PMH.xsd"><responseDate>2026-04-13T15:14:54Z</responseDate><request verb="GetRecord" identifier="oai:www.recercat.cat:10230/45970" metadataPrefix="marc">https://recercat.cat/oai/request</request><GetRecord><record><header><identifier>oai:recercat.cat:10230/45970</identifier><datestamp>2025-12-20T16:49:23Z</datestamp><setSpec>com_2072_6</setSpec><setSpec>col_2072_452952</setSpec></header><metadata><record xmlns="http://www.loc.gov/MARC21/slim" xmlns:dcterms="http://purl.org/dc/terms/" xmlns:xsi="http://www.w3.org/2001/XMLSchema-instance" xmlns:doc="http://www.lyncode.com/xoai" xsi:schemaLocation="http://www.loc.gov/MARC21/slim http://www.loc.gov/standards/marcxml/schema/MARC21slim.xsd">
   <leader>00925njm 22002777a 4500</leader>
   <datafield ind2=" " ind1=" " tag="042">
      <subfield code="a">dc</subfield>
   </datafield>
   <datafield ind2=" " ind1=" " tag="720">
      <subfield code="a">Monteverde, Malena</subfield>
      <subfield code="e">author</subfield>
   </datafield>
   <datafield ind2=" " ind1=" " tag="720">
      <subfield code="a">Pujol-Jover, María</subfield>
      <subfield code="e">author</subfield>
   </datafield>
   <datafield ind2=" " ind1=" " tag="720">
      <subfield code="a">Alemany, Ramón</subfield>
      <subfield code="e">author</subfield>
   </datafield>
   <datafield ind2=" " ind1=" " tag="720">
      <subfield code="a">López i Casasnovas, Guillem</subfield>
      <subfield code="e">author</subfield>
   </datafield>
   <datafield ind2=" " ind1=" " tag="260">
      <subfield code="c">2020-12-10T10:18:38Z</subfield>
   </datafield>
   <datafield ind2=" " ind1=" " tag="260">
      <subfield code="c">2020-12-10T10:18:38Z</subfield>
   </datafield>
   <datafield ind2=" " ind1=" " tag="260">
      <subfield code="c">2017</subfield>
   </datafield>
   <datafield ind2=" " ind1=" " tag="520">
      <subfield code="a">La  magnitud  de  la  población  de  65  años  y  más  en  situación  de  dependencia  de  la Argentina  sería  de  más  de  un  millón  de  personas.  Dada  la  gran  heterogeneidad  en  el  tipo  y  en  la intensidad  de  las  ayudas  que  requieren  las  personas  en  situación  de  dependencia,  resulta  esencial establecer  criterios  de  clasificación  para  identificar  grupos  homogéneos  en  términos  de  severidad. Objetivo:el trabajo busca establecer una metodología y unos criterios objetivos que permitan identificar grupos homogéneos de personas en situación de dependencia sobre la base de información secundaria (y  limitada). Métodos:el  método  utilizado  se  basa  en  el Baremo  de  Valoración  de  la  Situación  de Dependencia(BVD) vigente en España y en la aplicación de la metodología de Arboles de Clasificación, bajo  la  función rpartdel  programa  R.  Las  principales  fuentes  de  información  son  la Encuesta  sobre Discapacidad,  Autonomía  personal  y  Situaciones  de  Dependencia  de  España(EDAD,  2008)  y  la Encuesta Nacional sobre Calidad de Vida de los Adultos Mayores de la Argentina(ENCaViAM, 2012). Resultados:el modelo seleccionado arroja un elevado grado de ajuste sugiriendo que es posible estimar la distribución de la población mayor en situación de dependencia según grado de severidad de manera razonable  a  partir  de  un  grupo  reducido  de  variables. Conclusiones:si  bien  la  prevalencia  de  la dependencia de las personas mayores sería mayor en la Argentina respecto a lo obervado en España, la importancia relativa de los grupos con mayor severidad sería menor en el primer país (en Argentina).</subfield>
   </datafield>
   <datafield ind2=" " ind1=" " tag="520">
      <subfield code="a">Themagnitude of the population 65 years and over in dependencystatus (ie, people with long-term care need) inArgentina would be more than one million people. Given the great heterogeneity in  the  type  and  intensity  of  the  aid  required  by individuals  with  long-term  care  need,  it  is  essential  to establish some  criteria  to  classify  those  in homogeneous groups in  terms  of  severity. Objective:This work aims to establish a methodology and objective criteria that allow the identification of homogeneous groups  of people in dependency status on the basis  of secondary  (and limited)  information. Methods:The  method  used  is  based  on  the Valuation  Scale  of  Dependency  Situationfrom Spain  andon  the application of the Classification Treesmethod under the rpartfunction ofthe R program.The main sources of information arethe Survey on Disability, Personal Autonomy and Dependency Situationsfrom Spain (EDAD, 2008) and the National Survey on Quality of Life of the Elderlyfrom Argentina (ENCaViAM, 2012). Results:the model selected shows a high degree of adjustment suggesting that it is possible to estimate the  distribution  of  the elderly population  in  dependency  status according  totheirseverity  level in  a reasonable way from a reduced group of variables. Conclusions:although the prevalence of dependencyamong  the  elderly would  be  higher  in  Argentina  than  in  Spain,  the  relative  importance  of  groups  with greater severity would be lower in the first country (in Argentina).</subfield>
   </datafield>
   <datafield tag="653" ind2=" " ind1=" ">
      <subfield code="a">Personas mayores frágiles</subfield>
   </datafield>
   <datafield tag="653" ind2=" " ind1=" ">
      <subfield code="a">Cuidados a largo plazo</subfield>
   </datafield>
   <datafield tag="653" ind2=" " ind1=" ">
      <subfield code="a">Clasificación</subfield>
   </datafield>
   <datafield tag="653" ind2=" " ind1=" ">
      <subfield code="a">Frail elderly</subfield>
   </datafield>
   <datafield tag="653" ind2=" " ind1=" ">
      <subfield code="a">Long-term care</subfield>
   </datafield>
   <datafield tag="653" ind2=" " ind1=" ">
      <subfield code="a">Classification</subfield>
   </datafield>
   <datafield ind2="0" ind1="0" tag="245">
      <subfield code="a">Población mayor en situación de dependencia de la Argentina: propuesta de clasificación según severidad basada en datos secundarios</subfield>
   </datafield>
</record></metadata></record></GetRecord></OAI-PMH>